000
00277nam a2200109Ia 4500
008
190216s9999||||xx |||||||||||||| ||und||
100
_a
Null
245
4
_a
The Soviet Unionfasts Problems Appraisals 4th Issue
260
_b
Novesti Press Agency
650
_a
History
942
_c
BK
999
_c
19468
_d
19468